000 00654cam a2200193 4500
001 WB3602-01
008 000000n2000 000 0 eng u
035 _a(Sirsi) u103548
245 _aAuctions online
260 _c2000
490 _aTimes
_v12 January 2000, 11(1)
520 _aSotheby's has launched its new Internet auction site. The auction house will guarantee the authenticity of all items sold and bids can be submitted during a two or four week period. Web site: http:www.sothebys.com
590 _aWB
650 _aAUCTION HOUSES
650 _aINTERNET AUCTIONS
650 _aFINE ART
690 _aAuctioneering
_96218
942 _n0
999 _c62199
_d62199